zpět

Detail výsledku týmu

NÁŠ BAR, Lipník nad Bečvou

Datum a čas kvízu

45.5 Celkem bodů Celkový počet nahraných bodů na tomto kvízu bez doplňovacích otázek.
1. Pořadí na kvízu Konečné umístění týmu na tomto kvízu.

Zaznamenané odpovědi

# Otázka Odpověď Body Výsledky
1. Které novinářské ocenění si v... Cenu Ferdinanda Peroutky 1
2. Co neobvyklého našli lékaři v... dělostřelecký granát 1
3. Vstup ke které římské památce... k fontáně di Trevi 1
4. Do aukční historie se nově zap... Rembrandt (Harmenszoon van Rijn) 1
5. Německá olympionička Franziska... A 1
6. 29. května roku 1500 umírá pob... Bartolomeu Dias 0
7. 1. ledna 1700 jeden ruský car... Petr I. Veliký 1
8. Za kulatý letopočet budeme dne... Burgtheater 0
9. 16. listopadu 1900 se v Olomou... Eliška Junková 0
10. Od 15. září do 1. října 2000 s... Jan Železný; Sydney 1